[Event "UKR-ch"]
[Site "Simferopol"]
[Date "2003.11.05"]
[EventDate "?"]
[Round "2"]
[Result "1/2-1/2"]
[White "Sergey Karjakin"]
[Black "Evgeny Nalivajko"]
[WhiteElo "2562"]
[BlackElo "2400"]
[PlyCount "96"]

1. e4 e6 2. d4 d5 3. Nc3 Nf6 4. e5 Nfd7 5. f4 c5 6. Nf3 Nc6
7. Be3 cxd4 8. Nxd4 Bc5 9. Qd2 Nxd4 10. Bxd4 Bxd4 11. Qxd4 Qb6
12. Qxb6 Nxb6 13. Nb5 Ke7 14. Bd3 a6 15. Nd4 g6 16. a4 Bd7
17. a5 Nc8 18. Kd2 Na7 19. Ra3 h5 20. Rha1 Rhc8 21. Rb3 Rc7
22. Raa3 Nc6 23. Ke3 Nxd4 24. Kxd4 Bc6 25. Rb6 Rg8 26. Rc3 Kd7
27. Rc5 Rgc8 28. Rb3 Ba4 29. Rbc3 Rxc5 30. Rxc5 Bc6 31. Rc3
Rg8 32. g3 Rb8 33. Kc5 Kc7 34. Rb3 Rd8 35. Rb4 Rd7 36. Rd4 Rd8
37. Be2 Rb8 38. Rb4 Rd8 39. Bf1 Rd7 40. Bd3 Rd8 41. h3 Rd7
42. Bf1 Rd8 43. Rd4 Rb8 44. Rb4 Rd8 45. c3 Rd7 46. Be2 Rd8
47. Bd1 Bb5 48. Ba4 d4 1/2-1/2

[Event "3rd Aeroflot Festival"]
[Site "Moscow RUS"]
[Date "2004.02.19"]
[EventDate "2004.02.17"]
[Round "3"]
[Result "1/2-1/2"]
[White "Sergey Karjakin"]
[Black "Zhong Zhang"]
[WhiteElo "2566"]
[BlackElo "2639"]
[PlyCount "93"]

1. e4 e5 2. Nf3 Nc6 3. Bb5 Nf6 4. O-O Nxe4 5. d4 Nd6 6. Bxc6
dxc6 7. dxe5 Nf5 8. Qxd8+ Kxd8 9. Nc3 Bd7 10. h3 Ne7 11. Rd1
Ng6 12. Bg5+ Be7 13. Rd2 Ke8 14. Rad1 Be6 15. Bxe7 Kxe7
16. Kh2 h5 17. Ne4 Bd5 18. Neg5 Rad8 19. Rd4 Bxf3 20. Nxf3
Rxd4 21. Rxd4 Re8 22. Re4 Kf8 23. Re3 Rd8 24. g4 hxg4 25. hxg4
Ke7 26. Re1 Rd5 27. Kg3 c5 28. a4 b6 29. Re3 Rd1 30. c4 Nf8
31. a5 Rc1 32. axb6 cxb6 33. Nh4 g6 34. f4 Rxc4 35. f5 Rc2
36. e6 Rxb2 37. g5 Nxe6 38. fxe6 c4 39. exf7+ Kxf7 40. Rf3+
Ke8 41. Nxg6 Rb3 42. Ne5 b5 43. g6 Rxf3+ 44. Kxf3 Kf8 45. Ke4
Kg7 46. Kd5 a5 47. Nxc4 1/2-1/2

[Event "3rd Aeroflot Festival"]
[Site "Moscow RUS"]
[Date "2004.02.25"]
[EventDate "2004.02.17"]
[Round "9"]
[Result "1/2-1/2"]
[White "Sergey Karjakin"]
[Black "Semen I Dvoirys"]
[WhiteElo "2566"]
[BlackElo "2594"]
[PlyCount "85"]

1. e4 c5 2. Nf3 d6 3. d4 cxd4 4. Nxd4 Nf6 5. Nc3 a6 6. Be3 e5
7. Nb3 Be6 8. f3 Nbd7 9. g4 Nb6 10. g5 Nh5 11. Qd2 Be7
12. O-O-O O-O 13. Rg1 Qc7 14. Qf2 Nc4 15. Bxc4 Qxc4 16. Kb1 f5
17. gxf6 Nxf6 18. Bg5 Rf7 19. Qg2 Qc6 20. f4 exf4 21. Nd4 Qc4
22. Bxf4 Re8 23. Bg5 Qc8 24. Nf5 Bxf5 25. exf5 Qxf5 26. Qxb7
Ng4 27. Bc1 Nxh2 28. Qxa6 Nf3 29. Rgf1 h5 30. Rf2 Bh4 31. Re2
Rxe2 32. Qxe2 Bf6 33. Ne4 Be5 34. Nxd6 Bxd6 35. Rxd6 h4
36. Rd8+ Kh7 37. Qe8 h3 38. Qh8+ Kg6 39. Rd6+ Rf6 40. Qe8+ Kh7
41. Rxf6 gxf6 42. Qf7+ Kh8 43. Qe8+ 1/2-1/2

[Event "Canarias en Red final playoff"]
[Site "playchess.com INT"]
[Date "2004.05.09"]
[EventDate "?"]
[Round "1.1"]
[Result "0-1"]
[White "Sergey Karjakin"]
[Black "Petr Kiriakov"]
[WhiteElo "2566"]
[BlackElo "2560"]
[PlyCount "80"]

1. e4 e6 2. d4 d5 3. Nc3 Nf6 4. e5 Nfd7 5. f4 c5 6. Nf3 Nc6
7. Be3 a6 8. Qd2 b5 9. h4 b4 10. Ne2 a5 11. h5 Ba6 12. g4 Qb6
13. Rd1 Bxe2 14. Bxe2 cxd4 15. Bxd4 Nxd4 16. Nxd4 Bc5 17. c3
a4 18. Bb5 a3 19. bxa3 bxc3 20. Qxc3 Rxa3 21. Qb2 Re3+ 22. Kf1
Re4 23. Bxd7+ Kxd7 24. Qxb6 Bxb6 25. Ne2 Ra8 26. h6 g6 27. Rd2
Be3 28. Rb2 Bxf4 29. Rh3 Bxe5 30. Rb7+ Kc6 31. Rxf7 Rxa2
32. Ng1 Rf4+ 33. Rf3 Ra1+ 34. Kf2 Bd4+ 35. Kg3 Rxf7 36. Rxf7
Rxg1+ 37. Kh4 Rh1+ 38. Kg5 Be3+ 39. Kf6 Rxh6 40. Kxe6 Rh4 0-1

[Event "Corus Chess Tournament: B Group"]
[Site "Wijk aan Zee NED"]
[Date "2005.01.29"]
[EventDate "2005.01.15"]
[Round "12"]
[Result "1-0"]
[White "Peter Heine Nielsen"]
[Black "Sergey Karjakin"]
[WhiteElo "2648"]
[BlackElo "2599"]
[PlyCount "201"]

1. d4 d5 2. c4 c6 3. Nf3 Nf6 4. Nc3 e6 5. Bg5 h6 6. Bh4 dxc4
7. e4 g5 8. Bg3 b5 9. Be2 Nbd7 10. d5 cxd5 11. exd5 Nb6
12. dxe6 Qxd1+ 13. Rxd1 Bxe6 14. Nd4 a6 15. Bf3 O-O-O 16. O-O
Bc5 17. Nc6 Rxd1 18. Rxd1 Nbd7 19. Na5 Kd8 20. Nb7+ Kc8
21. Nxc5 Nxc5 22. Be5 Ncd7 23. Rxd7 Bxd7 24. Bxf6 Re8 25. h3
Re6 26. Nd5 a5 27. a3 b4 28. axb4 axb4 29. Bd4 c3 30. Nxb4
cxb2 31. Bxb2 Kd8 32. Nd3 Ke7 33. Nc5 Rb6 34. Ba3 Rb1+ 35. Kh2
Ra1 36. Bb4 Rb1 37. Ba3 Ra1 38. Bb4 Rb1 39. Nd3+ Ke8 40. Bd6
Rb6 41. Bc7 Rb5 42. Ne5 Ke7 43. Nc4 Be6 44. Bd6+ Kf6 45. Ne3
Rb2 46. Nd1 Rb3 47. Ne3 Rb2 48. Nd1 Rb3 49. Bh5 Kg7 50. Ne3
Rd3 51. Bc5 f6 52. Bd1 Rd2 53. Kg1 Ra2 54. Bd4 Rd2 55. Bc5 Ra2
56. Bc2 h5 57. Bd4 h4 58. Kf1 Kf7 59. Ke1 Kg7 60. Kd1 Kf7
61. Kc1 Kg7 62. Bb2 Kf7 63. Bd3 Ra4 64. f3 Ra8 65. Nc2 Rc8
66. Kb1 Bc4 67. Be4 Rd8 68. Kc1 Bd3 69. Bxd3 Rxd3 70. Nd4 Kg6
71. Kc2 Re3 72. Kd2 Re8 73. f4 gxf4 74. Nf3 Kh5 75. Ne1 Kg5
76. Bd4 Rd8 77. Ke2 Re8+ 78. Kf2 Re6 79. Nf3+ Kh5 80. Kg1 Ra6
81. Bf2 Ra1+ 82. Kh2 Ra2 83. Bxh4 Kg6 84. Be1 Kf5 85. Bc3 Ra3
86. Bd4 Rd3 87. Kg1 Ra3 88. Kf1 Ra2 89. Bc3 Ra3 90. Bd2 Ra2
91. Ke2 Ra3 92. Nd4+ Ke5 93. Nc2 Rb3 94. Ne1 Ke4 95. Nf3 Ra3
96. Bb4 Ra2+ 97. Nd2+ Kf5 98. Kf3 Ra4 99. Bc5 Ra1 100. Nb3 Kg5
101. Nxa1 1-0

[Event "XIII Dos Hermanas"]
[Site "Dos Hermanas ESP"]
[Date "2005.04.04"]
[EventDate "2005.04.01"]
[Round "4"]
[Result "1/2-1/2"]
[White "Sergey Karjakin"]
[Black "Alexander Rustemov"]
[WhiteElo "2635"]
[BlackElo "2573"]
[PlyCount "54"]

1. e4 e5 2. Nf3 Nf6 3. Nxe5 d6 4. Nf3 Nxe4 5. d4 d5 6. Bd3 Nc6
7. O-O Be7 8. c4 Nb4 9. Be2 O-O 10. Nc3 Bf5 11. a3 Nxc3
12. bxc3 Nc6 13. Re1 dxc4 14. Bxc4 Bd6 15. Ng5 Qd7 16. Ra2 Na5
17. Bd3 Rae8 18. Rae2 Rxe2 19. Qxe2 b6 20. c4 Nc6 21. Bb2 Be7
22. Bxf5 Qxf5 23. Ne4 Bd6 24. Bc3 f6 25. Qc2 Qd7 26. Qb3 Rf7
27. d5 Nd8 1/2-1/2

[Event "XIII Dos Hermanas"]
[Site "Dos Hermanas ESP"]
[Date "2005.04.07"]
[EventDate "2005.04.01"]
[Round "7"]
[Result "1/2-1/2"]
[White "Oleg Korneev"]
[Black "Sergey Karjakin"]
[WhiteElo "2611"]
[BlackElo "2635"]
[PlyCount "56"]

1. e4 c5 2. Nf3 d6 3. d4 cxd4 4. Nxd4 Nf6 5. Nc3 a6 6. Bg5 e6
7. f4 Qb6 8. Qd2 Qxb2 9. Rb1 Qa3 10. f5 Nc6 11. fxe6 fxe6
12. Nxc6 bxc6 13. e5 dxe5 14. Bxf6 gxf6 15. Ne4 Qxa2 16. Rd1
Be7 17. Be2 O-O 18. O-O Ra7 19. Rf3 Kh8 20. Rg3 Rd7 21. Qh6
Rxd1+ 22. Bxd1 Rf7 23. Qh5 Qa5 24. Kf1 Qd8 25. Qxf7 Qxd1+
26. Kf2 Qxc2+ 27. Kf3 Qd1+ 28. Kf2 Qc2+ 1/2-1/2

[Event "XIII Dos Hermanas"]
[Site "Dos Hermanas ESP"]
[Date "2005.04.08"]
[EventDate "2005.04.01"]
[Round "8"]
[Result "1/2-1/2"]
[White "Sergey Karjakin"]
[Black "Zurab Azmaiparashvili"]
[WhiteElo "2635"]
[BlackElo "2671"]
[PlyCount "50"]

1. e4 c6 2. d4 d5 3. Nc3 dxe4 4. Nxe4 Bf5 5. Ng3 Bg6 6. h4 h6
7. Nf3 Nd7 8. h5 Bh7 9. Bd3 Bxd3 10. Qxd3 e6 11. Bf4 Ngf6
12. O-O-O Be7 13. Ne4 Qa5 14. Nxf6+ Nxf6 15. Kb1 Ng4 16. Qe2
Qb5 17. Rd3 Rd8 18. Ne5 Nxe5 19. Bxe5 Bf6 20. Bxf6 gxf6
21. Qf3 Rg8 22. Re1 Qg5 23. c4 Kf8 24. g4 Rd7 25. Re4 f5
1/2-1/2

[Event "2nd Sanjin Hotel Cup"]
[Site "Tiayuan CHN"]
[Date "2005.07.18"]
[EventDate "2005.07.09"]
[Round "9"]
[Result "1/2-1/2"]
[White "Zhong Zhang"]
[Black "Sergey Karjakin"]
[WhiteElo "2608"]
[BlackElo "2645"]
[PlyCount "52"]

1. d4 d5 2. c4 c6 3. Nf3 Nf6 4. Nc3 e6 5. Bg5 h6 6. Bh4 dxc4
7. e4 g5 8. Bg3 b5 9. Be2 Bb7 10. Ne5 Nbd7 11. Qc2 Qb6 12. Rd1
Bg7 13. h4 g4 14. O-O Rd8 15. Na4 Qa5 16. Nxd7 Nxd7 17. Nc5
Nxc5 18. dxc5 Rxd1 19. Rxd1 Qxa2 20. Bc7 Qxb2 21. Rd8+ Ke7
22. Qd1 Qa1 23. Rd7+ Ke8 24. Rd8+ Ke7 25. Rd7+ Ke8 26. Rd8+
Ke7 1/2-1/2

[Event "Russian Club Cup"]
[Site "Sochi RUS"]
[Date "2006.04.20"]
[EventDate "2006.04.20"]
[Round "1"]
[Result "1/2-1/2"]
[White "Sergey Karjakin"]
[Black "Sergey Erenburg"]
[WhiteElo "2661"]
[BlackElo "2554"]
[PlyCount "63"]

1. e4 e5 2. Nf3 Nf6 3. Nxe5 d6 4. Nf3 Nxe4 5. Nc3 Nxc3 6. dxc3
Be7 7. Be3 Nc6 8. Qd5 Be6 9. Qb5 Qc8 10. O-O-O a6 11. Qa4 O-O
12. Qf4 Bf6 13. Bd3 Ne5 14. Bd4 Bg4 15. Be4 Ng6 16. Qg3 Bxd4
17. Rxd4 Bf5 18. h4 Re8 19. Bxf5 Qxf5 20. h5 Re2 21. Rd2 Rxd2
22. Nxd2 Nf8 23. h6 g6 24. Re1 Ne6 25. Qh4 Qg5 26. Qxg5 Nxg5
27. f4 Ne6 28. Ne4 f5 29. Nf6+ Kf7 30. Nxh7 Nxf4 31. Ng5+ Kf6
32. Nh7+ 1/2-1/2

[Event "Spanish Team Championship"]
[Site "San Sebastian ESP"]
[Date "2006.09.14"]
[EventDate "2006.09.13"]
[Round "2"]
[Result "1/2-1/2"]
[White "Sergey Karjakin"]
[Black "Artyom Timofeev"]
[WhiteElo "2679"]
[BlackElo "2657"]
[PlyCount "45"]

1. e4 c5 2. Nf3 d6 3. d4 cxd4 4. Nxd4 Nf6 5. Nc3 e6 6. Be3 Nc6
7. f4 Be7 8. Qf3 e5 9. Nxc6 bxc6 10. fxe5 dxe5 11. Bc4 O-O
12. O-O Ng4 13. Rad1 Nxe3 14. Bxf7+ Kh8 15. Qxe3 Qb6 16. Qxb6
axb6 17. Bc4 Bg4 18. Rxf8+ Rxf8 19. Rf1 Bc5+ 20. Kh1 Rxf1+
21. Bxf1 Bd4 22. h3 Bxc3 23. hxg4 1/2-1/2

[Event "Spanish Team Championship"]
[Site "San Sebastian ESP"]
[Date "2006.09.17"]
[EventDate "2006.09.13"]
[Round "5"]
[Result "1/2-1/2"]
[White "Sergey Karjakin"]
[Black "Christian Bauer"]
[WhiteElo "2679"]
[BlackElo "2599"]
[PlyCount "117"]

1. e4 e6 2. d4 d5 3. Nc3 Bb4 4. e5 Ne7 5. a3 Bxc3+ 6. bxc3 b6
7. Qg4 Ng6 8. h4 h5 9. Qg3 Ba6 10. Bxa6 Nxa6 11. Bg5 Qd7
12. a4 c5 13. Ne2 Rc8 14. Qd3 Nb8 15. O-O Nc6 16. Ng3 Nge7
17. Rfd1 cxd4 18. cxd4 Nb4 19. Qd2 Rc4 20. c3 Nbc6 21. Ra3 Nf5
22. Nxf5 exf5 23. Qf4 Qe6 24. Qf3 Kd7 25. Rb1 Na5 26. Rb5 Kc6
27. Ra1 a6 28. Rb4 Kb7 29. Be7 g6 30. Bc5 Rxb4 31. Bxb4 Nc4
32. a5 b5 33. Qf4 Rc8 34. Ra2 Rc6 35. Qh6 Qe8 36. Kh2 Qd8
37. g3 Qd7 38. Qg5 Re6 39. f3 Qe8 40. Rg2 Kc8 41. Qh6 f6
42. exf6 Rxf6 43. Qg7 Re6 44. Qa7 Qc6 45. Rf2 Ne3 46. Qf7 Qd7
47. Qf8+ Qe8 48. Qg7 f4 49. gxf4 Qd7 50. Qg8+ Kb7 51. Qf8 Nf5
52. c4 Qc7 53. cxd5 Qxf4+ 54. Kg1 Qg3+ 55. Rg2 Re1+ 56. Bxe1
Qxe1+ 57. Kh2 Qxh4+ 58. Kg1 Qe1+ 59. Kh2 1/2-1/2

[Event "Russian Team Championship"]
[Site "Sochi RUS"]
[Date "2007.05.05"]
[EventDate "2007.05.02"]
[Round "4"]
[Result "0-1"]
[White "Sergey Karjakin"]
[Black "Yuri Yakovich"]
[WhiteElo "2686"]
[BlackElo "2600"]
[PlyCount "150"]

1. e4 c5 2. Nf3 Nc6 3. d4 cxd4 4. Nxd4 Nf6 5. Nc3 e5 6. Ndb5
d6 7. Bg5 a6 8. Na3 b5 9. Nd5 Be7 10. Bxf6 Bxf6 11. c3 O-O
12. Nc2 Rb8 13. h4 Be7 14. Nce3 Be6 15. Qf3 Qd7 16. Rd1 Bd8
17. Be2 Ne7 18. h5 h6 19. O-O Qc8 20. Nxe7+ Bxe7 21. Nf5 Qc7
22. Bd3 Bg5 23. Bc2 b4 24. Nxd6 Rfd8 25. Nf5 bxc3 26. bxc3
Bxa2 27. Rxd8+ Rxd8 28. Ra1 Be6 29. Rd1 Rxd1+ 30. Bxd1 a5
31. Qd3 Qc6 32. Ne3 Bxe3 33. Qxe3 Qc4 34. Qd2 Qa2 35. Qd8+ Kh7
36. f4 Qb1 37. Kh2 Qxe4 38. fxe5 Qxe5+ 39. Kg1 Qe1+ 40. Kh2
Qe5+ 41. Kh1 Qxc3 42. Bf3 Qe1+ 43. Kh2 Qe5+ 44. Kh1 a4 45. Qa8
Qe1+ 46. Kh2 Qh4+ 47. Kg1 Qe1+ 48. Kh2 Qe5+ 49. Kh1 Bb3
50. Qa7 f5 51. Qb6 Bf7 52. Qa7 Qe1+ 53. Kh2 Qh4+ 54. Kg1 Qe1+
55. Kh2 Qh4+ 56. Kg1 Bxh5 57. Bxh5 Qe1+ 58. Kh2 Qh4+ 59. Kg1
Qxh5 60. Qxa4 Qg4 61. Qd7 h5 62. Qe6 Qf4 63. Qe8 Qg4 64. Qe6
h4 65. Kh2 Qf4+ 66. Kg1 h3 67. gxh3 Qg3+ 68. Kh1 Qxh3+ 69. Kg1
Qg4+ 70. Kf2 Qd4+ 71. Kf1 Qe4 72. Qf7 Kh6 73. Qf8 Qe5 74. Qh8+
Kg5 75. Qh3 Qf4+ 0-1

[Event "Russian Team Championship"]
[Site "Sochi RUS"]
[Date "2007.05.08"]
[EventDate "2007.05.02"]
[Round "7"]
[Result "1/2-1/2"]
[White "Michael Roiz"]
[Black "Sergey Karjakin"]
[WhiteElo "2605"]
[BlackElo "2686"]
[PlyCount "61"]

1. Nf3 d5 2. d4 Nf6 3. c4 c6 4. Nc3 e6 5. Bg5 h6 6. Bxf6 Qxf6
7. e3 Nd7 8. Qc2 g6 9. cxd5 exd5 10. Bd3 Bg7 11. O-O O-O
12. b4 Qd6 13. Rab1 Nb6 14. Nd2 Be6 15. Ne2 Rfc8 16. Rfc1 Nd7
17. Nb3 b6 18. Nf4 Rc7 19. Nxe6 Qxe6 20. Bb5 Rac8 21. Ba6 Rd8
22. Be2 Rdc8 23. Ba6 Rd8 24. Be2 Rdc8 25. Qd2 Nf6 26. Rc2 Ne4
27. Qc1 Bf8 28. a3 Bd6 29. Ba6 Re8 30. Bd3 h5 31. Qf1 1/2-1/2

[Event "XXIV European Club Cup"]
[Site "Kallithea GRE"]
[Date "2008.10.18"]
[EventDate "2008.10.17"]
[Round "2"]
[Result "1/2-1/2"]
[White "Vugar Gashimov"]
[Black "Sergey Karjakin"]
[WhiteElo "2703"]
[BlackElo "2730"]
[PlyCount "35"]

1. e4 c5 2. Nf3 d6 3. d4 cxd4 4. Nxd4 Nf6 5. Nc3 a6 6. Bg5 e6
7. f4 Nbd7 8. Bc4 Qb6 9. Bb3 Be7 10. f5 Nc5 11. Qf3 Nxb3
12. Nxb3 Qc7 13. fxe6 fxe6 14. O-O O-O 15. Qg3 b5 16. a3 Bd7
17. Rad1 Nh5 18. Qe3 1/2-1/2

[Event "XXIV European Club Cup"]
[Site "Kallithea GRE"]
[Date "2008.10.20"]
[EventDate "2008.10.17"]
[Round "4"]
[Result "1/2-1/2"]
[White "Alexander Huzman"]
[Black "Sergey Karjakin"]
[WhiteElo "2590"]
[BlackElo "2730"]
[PlyCount "120"]

1. d4 d5 2. c4 c6 3. Nf3 Nf6 4. Nc3 a6 5. a4 e6 6. Bg5 h6
7. Bxf6 Qxf6 8. e3 Nd7 9. Bd3 a5 10. O-O Bb4 11. e4 dxe4
12. Nxe4 Qf4 13. c5 O-O 14. Rc1 Rb8 15. g3 Qc7 16. Bb1 b6
17. Qd3 f5 18. cxb6 Qxb6 19. Ned2 Bxd2 20. Qxd2 Qxb2 21. Qxa5
Qb4 22. Qxb4 Rxb4 23. Ba2 Nb8 24. Ra1 Rf7 25. Rfb1 Rfb7
26. Rxb4 Rxb4 27. Rb1 Rxb1+ 28. Bxb1 Kf7 29. Ne5+ Ke7 30. f4
Kd6 31. Nc4+ Kc7 32. Kf2 c5 33. dxc5 Na6 34. Ke3 Nxc5 35. Bc2
Bd7 36. a5 Bb5 37. Kd4 Nb7 38. Bb3 Bxc4 39. Bxc4 Nxa5 40. Bxe6
Nc6+ 41. Kd5 Ne7+ 42. Ke5 Nc6+ 43. Kxf5 Nd4+ 44. Ke5 Nf3+
45. Ke4 Nxh2 46. Bc4 Kd6 47. Kf5 g5 48. Be2 gxf4 49. gxf4 h5
50. Kg5 Ke6 51. f5+ Ke7 52. f6+ Kf7 53. Bxh5+ Kf8 54. Be2 Kf7
55. Kf5 Kf8 56. Ke5 Kf7 57. Bc4+ Kf8 58. Kf4 Ke8 59. Be2 Kf7
60. Ke5 Kf8 1/2-1/2

[Event "XXIV European Club Cup"]
[Site "Kallithea GRE"]
[Date "2008.10.21"]
[EventDate "2008.10.17"]
[Round "5"]
[Result "1/2-1/2"]
[White "Dusko Pavasovic"]
[Black "Sergey Karjakin"]
[WhiteElo "2597"]
[BlackElo "2730"]
[PlyCount "65"]

1. e4 c5 2. Nf3 d6 3. d4 cxd4 4. Nxd4 Nf6 5. Nc3 a6 6. Bc4 e6
7. Bb3 b5 8. Bg5 Be7 9. Qf3 Qc7 10. e5 Bb7 11. exd6 Bxd6
12. Qe3 Bc5 13. O-O-O Nc6 14. Bxf6 gxf6 15. Nd5 Qd8 16. Qf4
Bxd4 17. Nc7+ Ke7 18. Rhe1 Qd6 19. Qxd6+ Kxd6 20. Nxa8 Bxa8
21. c3 Kc5 22. cxd4+ Nxd4 23. Re3 b4 24. g3 a5 25. Bc2 f5
26. b3 Bd5 27. Kb2 h5 28. h4 Rg8 29. f4 Nxc2 30. Kxc2 Ra8
31. Kb2 a4 32. bxa4 Rxa4 33. a3 1/2-1/2

[Event "FIDE Jermuk Grand Prix"]
[Site "Jermuk ARM"]
[Date "2009.08.17"]
[EventDate "?"]
[Round "8"]
[Result "1/2-1/2"]
[White "Levon Aronian"]
[Black "Sergey Karjakin"]
[WhiteElo "2768"]
[BlackElo "2717"]
[PlyCount "58"]

1. d4 Nf6 2. c4 e6 3. Nf3 b6 4. g3 Ba6 5. Qc2 Bb7 6. Bg2 c5
7. d5 exd5 8. cxd5 Nxd5 9. O-O Be7 10. Rd1 Nc6 11. Qa4 Nf6
12. Nh4 g6 13. Bh6 Bf8 14. Bxf8 Kxf8 15. Nc3 Kg7 16. Qf4 Re8
17. Nb5 d5 18. Nd6 Re5 19. Nxb7 Qe7 20. Nxc5 bxc5 21. Qa4 Re6
22. e3 Rb8 23. Qa3 d4 24. Bxc6 Rxc6 25. exd4 Qe2 26. Rab1 cxd4
27. Qxa7 Rxb2 28. Qxd4 Rxb1 29. Rxb1 Qxa2 1/2-1/2

[Event "FIDE Jermuk Grand Prix"]
[Site "Jermuk ARM"]
[Date "2009.08.23"]
[EventDate "?"]
[Round "13"]
[Result "1/2-1/2"]
[White "Sergey Karjakin"]
[Black "Gata Kamsky"]
[WhiteElo "2717"]
[BlackElo "2717"]
[PlyCount "85"]

1. e4 c6 2. d4 d5 3. e5 Bf5 4. Nd2 e6 5. Nb3 c5 6. dxc5 Bxc5
7. Nxc5 Qa5+ 8. c3 Qxc5 9. Qa4+ Nc6 10. Nf3 Ne7 11. Be3 Qa5
12. Qxa5 Nxa5 13. Nd4 Nac6 14. f4 Nxd4 15. Bxd4 Nc6 16. Bc5
Rc8 17. Bd6 f6 18. Be2 Kf7 19. O-O Na5 20. b3 b6 21. Rac1 Nb7
22. Ba3 Nc5 23. Rfd1 Rhd8 24. Rd4 g5 25. exf6 g4 26. c4 Ne4
27. cxd5 Rxc1+ 28. Bxc1 exd5 29. Bb2 Nxf6 30. Rd1 Rc8 31. Bxf6
Kxf6 32. Rxd5 Rc1+ 33. Bf1 h5 34. Rd2 h4 35. g3 hxg3 36. hxg3
Rc3 37. Kh2 Be4 38. Bg2 Bxg2 39. Kxg2 a5 40. Rd6+ Kf5 41. Rd5+
Kf6 42. Rd6+ Kf5 43. Rd5+ 1/2-1/2

[Event "ACP World Rapid Cup"]
[Site "Odessa UKR"]
[Date "2010.05.28"]
[EventDate "2010.05.27"]
[Round "2.1"]
[Result "1-0"]
[White "Alexey Shirov"]
[Black "Sergey Karjakin"]
[WhiteElo "2742"]
[BlackElo "2739"]
[PlyCount "86"]

1. e4 e5 2. Nf3 Nc6 3. Bb5 Nf6 4. O-O Nxe4 5. d4 Nd6 6. Bxc6
dxc6 7. dxe5 Nf5 8. Qxd8+ Kxd8 9. Nc3 Bd7 10. h3 h6 11. b3 c5
12. Bb2 Nd4 13. Nxd4 cxd4 14. Nd5 c5 15. f4 Bc6 16. c4 dxc3
17. Bxc3 Bxd5 18. Rad1 Kc7 19. Rxd5 Be7 20. Rfd1 Kc6 21. e6 f6
22. Kf2 Rhd8 23. Rd7 Rac8 24. Kf3 Rxd7 25. Rxd7 Rc7 26. Rxc7+
Kxc7 27. Kg4 Kd6 28. f5 Bd8 29. Kh5 Ke7 30. Kg6 Kf8 31. g4 b5
32. h4 c4 33. bxc4 bxc4 34. g5 hxg5 35. hxg5 Ke8 36. Kxg7 fxg5
37. f6 Bxf6+ 38. Kxf6 g4 39. Be5 a5 40. a4 Kf8 41. e7+ Ke8
42. Ke6 g3 43. Bxg3 c3 1-0

[Event "Poikovsky Tournament"]
[Site "Poikovsky RUS"]
[Date "2010.06.12"]
[EventDate "2010.06.02"]
[Round "10"]
[Result "1/2-1/2"]
[White "Sergei Rublevsky"]
[Black "Sergey Karjakin"]
[WhiteElo "2704"]
[BlackElo "2739"]
[PlyCount "72"]

1. e4 e5 2. Nf3 Nc6 3. d4 exd4 4. Nxd4 Nf6 5. Nxc6 bxc6 6. e5
Qe7 7. Qe2 Nd5 8. c4 Ba6 9. b3 O-O-O 10. g3 g5 11. Bb2 Bg7
12. Nd2 Nb4 13. Nf3 Rhe8 14. a3 g4 15. Nh4 Bxe5 16. O-O-O Na2+
17. Kc2 Qf6 18. Bxe5 Rxe5 19. Qd2 Rde8 20. Bd3 d5 21. Rhe1 d4
22. Rxe5 Rxe5 23. f3 Nc3 24. Rf1 Qd6 25. Kb2 c5 26. fxg4 Bb7
27. Rxf7 Be4 28. Nf5 Qb6 29. Re7 Bxd3 30. Rxe5 Na4+ 31. Ka2
Bxc4 32. Qc2 Nc3+ 33. Kb2 a5 34. Ne3 Na4+ 35. Ka2 Nc3+ 36. Kb2
Na4+ 1/2-1/2

[Event "World Blitz Championship"]
[Site "Moscow RUS"]
[Date "2010.11.16"]
[EventDate "2010.11.16"]
[Round "4.8"]
[Result "1-0"]
[White "Ian Nepomniachtchi"]
[Black "Sergey Karjakin"]
[WhiteElo "2720"]
[BlackElo "2760"]
[PlyCount "94"]

1. e4 g6 2. d4 Bg7 3. c3 d6 4. Bd3 Nf6 5. Ne2 O-O 6. O-O e5
7. h3 d5 8. exd5 exd4 9. c4 c6 10. Nxd4 cxd5 11. Nc3 Nc6
12. Nxc6 bxc6 13. cxd5 Nxd5 14. Na4 Rb8 15. a3 Qd6 16. Qc2 Bd4
17. Be4 c5 18. Rd1 Nf6 19. Be3 Nxe4 20. Bxd4 cxd4 21. Qxe4 Rd8
22. b4 Bf5 23. Qf3 Bc2 24. Nc5 Bxd1 25. Rxd1 Qe5 26. g3 Kg7
27. Kg2 Rb6 28. Nd3 Qd5 29. Rc1 Ra6 30. Qxd5 Rxd5 31. Ra1 Rc6
32. Nc5 d3 33. Rd1 d2 34. Kf3 a5 35. Ke4 Rdd6 36. Ke3 axb4
37. axb4 Rc8 38. Nd3 Rc4 39. Rxd2 Re6+ 40. Kf3 Rd4 41. b5 Rd5
42. h4 Red6 43. Ke2 Rxb5 44. Nf4 Rxd2+ 45. Kxd2 Kf6 46. Ke2
Kf5 47. Kf3 Rb3+ 1-0

[Event "World Blitz Championship"]
[Site "Moscow RUS"]
[Date "2010.11.16"]
[EventDate "2010.11.16"]
[Round "10.10"]
[Result "1/2-1/2"]
[White "Sergey Karjakin"]
[Black "Peter Svidler"]
[WhiteElo "2760"]
[BlackElo "2722"]
[PlyCount "81"]

1. Nf3 g6 2. e4 Bg7 3. d4 d6 4. c3 Nf6 5. Bd3 O-O 6. O-O c5
7. dxc5 dxc5 8. h3 Nc6 9. a4 Qc7 10. Na3 a6 11. Qe2 Nh5
12. Re1 Rd8 13. Nc4 Be6 14. a5 Nf4 15. Bxf4 Qxf4 16. Nb6 Rab8
17. Bc4 Bxc4 18. Nxc4 Ne5 19. Nfxe5 Bxe5 20. g3 Qf6 21. Qe3
Qe6 22. Qxc5 Bxg3 23. fxg3 Rbc8 24. Qe5 Qxc4 25. Qxe7 Qb5
26. Rf1 Rd7 27. Qf6 Qxb2 28. Rad1 Qb5 29. Rd5 Qa4 30. c4 Rcc7
31. Qd4 Qc6 32. e5 Qe6 33. Kg2 Rxc4 34. Rxd7 Rxd4 35. Rxd4
Qxe5 36. Ra4 Qd5+ 37. Rf3 h5 38. h4 Kg7 39. Ra3 Qd2+ 40. Rf2
Qd5+ 41. Rff3 1/2-1/2

[Event "World Blitz Championship"]
[Site "Moscow RUS"]
[Date "2010.11.16"]
[EventDate "2010.11.16"]
[Round "13.3"]
[Result "1-0"]
[White "Pavel Eljanov"]
[Black "Sergey Karjakin"]
[WhiteElo "2742"]
[BlackElo "2760"]
[PlyCount "99"]

1. d4 d5 2. c4 c6 3. Nf3 Nf6 4. e3 a6 5. Bd2 e6 6. Nc3 c5
7. cxd5 exd5 8. g3 Nbd7 9. Bg2 b5 10. O-O Bb7 11. dxc5 Bxc5
12. Ne2 O-O 13. Bc3 Ne4 14. Bd4 Bd6 15. Rc1 Qe7 16. Nf4 b4
17. b3 a5 18. Bb2 Ndf6 19. Nd4 g6 20. Nc6 Bxc6 21. Rxc6 Be5
22. Nxd5 Nxd5 23. Qxd5 Nc3 24. Bxc3 bxc3 25. Rc5 Bf6 26. Qc4
Rad8 27. Bd5 Rd7 28. e4 Qd6 29. Kg2 Qb6 30. Rc6 Qd4 31. Qxd4
Bxd4 32. Rd1 Bg7 33. Rc5 Rfd8 34. Rc1 Kf8 35. Rxa5 f5 36. f3
Rc7 37. Rc2 Rb8 38. Kf2 Rb4 39. Ke2 Rd4 40. Ra6 fxe4 41. fxe4
Bh6 42. Rc6 Rxc6 43. Bxc6 Bd2 44. a4 Ke7 45. a5 Kd6 46. Bd5
Kc5 47. Ra2 Bg5 48. a6 Kb6 49. a7 c2 50. a8=N+ 1-0

[Event "World Blitz Championship"]
[Site "Moscow RUS"]
[Date "2010.11.17"]
[EventDate "2010.11.16"]
[Round "18.6"]
[Result "1/2-1/2"]
[White "Sergey Karjakin"]
[Black "Levon Aronian"]
[WhiteElo "2760"]
[BlackElo "2801"]
[PlyCount "92"]

1. e4 e5 2. Nf3 Nc6 3. Bb5 f5 4. d3 fxe4 5. dxe4 Nf6 6. Qd3
Bb4+ 7. c3 Be7 8. Bxc6 dxc6 9. Qxd8+ Bxd8 10. O-O O-O 11. Re1
Re8 12. Bg5 Bg4 13. Nbd2 Nd7 14. Be3 Be7 15. h3 Bh5 16. g4 Bg6
17. Rad1 Rad8 18. Kg2 Bc5 19. Nb3 Bxe3 20. Rxe3 Nf6 21. Rxd8
Rxd8 22. Nc5 b6 23. Ne6 Rd6 24. Nxc7 Bxe4 25. g5 Bxf3+
26. Kxf3 Nd7 27. Ke2 Kf7 28. Re4 h6 29. gxh6 Rxh6 30. h4 Ke7
31. Rg4 Kd8 32. Na6 c5 33. b4 g6 34. a4 Kc8 35. bxc5 bxc5
36. Nxc5 Nxc5 37. Rc4 Kb7 38. Rxc5 Rxh4 39. a5 Re4+ 40. Kd3
Rf4 41. Ke3 Rf5 42. f3 g5 43. c4 a6 44. Ke2 g4 45. fxg4 Rg5
46. Ke3 Rxg4 1/2-1/2

[Event "World Blitz Championship"]
[Site "Moscow RUS"]
[Date "2010.11.17"]
[EventDate "2010.11.16"]
[Round "20.5"]
[Result "1-0"]
[White "Boris Grachev"]
[Black "Sergey Karjakin"]
[WhiteElo "2654"]
[BlackElo "2760"]
[PlyCount "74"]

1. d4 Nf6 2. Nf3 g6 3. Bf4 Bg7 4. e3 O-O 5. Be2 d6 6. h3 Nc6
7. Bh2 Nd7 8. O-O e5 9. c4 f5 10. Nc3 e4 11. Nd2 Nf6 12. Rc1
Ne7 13. b4 c6 14. a4 Be6 15. a5 d5 16. a6 b6 17. b5 Rc8
18. bxc6 Nxc6 19. Nb5 Qd7 20. Nd6 Rcd8 21. Nb7 Rc8 22. c5 bxc5
23. Rxc5 g5 24. Bb5 f4 25. exf4 gxf4 26. Bxf4 Ng4 27. Bg3 Bxd4
28. Rxc6 Rxc6 29. hxg4 Bb6 30. Nb3 e3 31. Bxc6 Qxc6 32. Nd4 e2
33. Nxc6 exd1=R 34. Rxd1 Bxg4 35. Rxd5 Be2 36. Rg5+ Kf7
37. Rf5+ Ke8 1-0